| 000 | 01815nam a22004214a 4500 | ||
|---|---|---|---|
| 001 | ebr10363632 | ||
| 003 | CaPaEBR | ||
| 006 | m u | ||
| 007 | cr cn||||||||| | ||
| 008 | 090915s2009 ne ab sb 000 0 eng d | ||
| 010 | _z 2009288510 | ||
| 020 | _z9781607500124 | ||
| 020 | _z1607500124 | ||
| 040 |
_aCaPaEBR _cCaPaEBR |
||
| 035 | _a(OCoLC)491261565 | ||
| 041 | 0 |
_aeng _bdut |
|
| 050 | 1 | 4 |
_aHD7287 _b.M435 2009eb |
| 100 | 1 |
_aMeesters, Janine, _d1981- |
|
| 245 | 1 | 4 |
_aThe meaning of activities in the dwelling and residential environment _h[electronic resource] : _ba structural approach in people-environment relations / _cdoor Janine Meesters. |
| 260 |
_aAmsterdam : _bIOS Press ; _aDelft : _bDelft University Press, _cc2009. |
||
| 300 |
_a269 p. : _bill. (some col.), col. map. |
||
| 490 | 1 |
_aSustainable urban areas, _x1574-6410 ; _v27 |
|
| 500 | _aOriginally presented as the author's thesis (doctoral)--Delft University of Technology, Delft, 2009. | ||
| 504 | _aIncludes bibliographical references (p. 177-184). | ||
| 533 |
_aElectronic reproduction. _bPalo Alto, Calif. : _cebrary, _d2013. _nAvailable via World Wide Web. _nAccess may be limited to ebrary affiliated libraries. |
||
| 546 | _aIn English with summaries in English and Dutch (p. 259-267). | ||
| 650 | 0 | _aHousing. | |
| 650 | 0 |
_aHousing _xResident satisfaction. |
|
| 650 | 0 |
_aHousing _xPsychological aspects. |
|
| 650 | 0 |
_aHuman beings _xEffect of environment on. |
|
| 650 | 0 | _aUrban ecology (Sociology) | |
| 650 | 0 | _aCity and town life. | |
| 650 | 0 | _aLifestyles. | |
| 655 | 7 |
_aElectronic books. _2local |
|
| 710 | 2 | _aebrary, Inc. | |
| 830 | 0 |
_aSustainable urban areas ; _v27. |
|
| 856 | 4 | 0 |
_uhttp://site.ebrary.com/lib/rucke/Doc?id=10363632 _zAn electronic book accessible through the World Wide Web; click to view |
| 999 |
_c111777 _d111777 |
||